[Event "Titled Tuesday intern op 23rd Apr Late"]
[Site "Chess.com INT"]
[Date "2024.04.23"]
[Round "11"]
[White "Estrada Nieto, Julian"]
[Black "Jodar Arias, Marlon"]
[Result "1-0"]
[WhiteElo "2195"]
[BlackElo "2209"]
[PlyCount "101"]
[EventDate "2024.04.23"]
[EventType "swiss (blitz)"]
[EventRounds "11"]
[EventCountry "USA"]
[SourceTitle "CB18_2024"]
[SourceDate "2024.05.01"]
[SourceVersion "1"]
[SourceVersionDate "2024.05.01"]
[SourceQuality "2"]

1. e4 e5 2. Nf3 Nc6 3. Bb5 a6 4. Ba4 Nf6 5. 0-0 Be7 6. Re1 b5 7. Bb3 d6 8. c3 0-0 9. h3 Nb8 10. d4 Nbd7 11. Nbd2 Bb7 12. Bc2 Re8 13. Nf1 Bf8 14. Ng3 g6 15. b3 Rc8 16. d5 c6 17. c4 Nb6 18. Rb1 cxd5 19. cxd5 Nbxd5 20. exd5 Nxd5 21. Ne4 f5 22. Bg5 Be7 23. Bxe7 Qxe7 24. b4 fxe4 25. Bb3 exf3 26. Bxd5+ Bxd5 27. Qxd5+ Qe6 28. Qxf3 Rc2 29. a3 Rf8 30. Qe3 Rfxf2 31. Qxf2 Rxf2 32. Kxf2 Qa2+ 33. Kg1 Qxa3 34. Kh1 Kf7 35. Rec1 Ke6 36. Rc6 a5 37. bxa5 Qxa5 38. Rd1 Qb4 39. Rc7 e4 40. Rxh7 e3 41. Rh8 Ke7 42. Rh7+ Kf6 43. Rf1+ Ke5 44. Rh8 Kd4 45. Rf4+ Kc3 46. Rxb4 Kxb4 47. Re8 d5 48. Rxe3 d4 49. Rg3 Kc4 50. Rxg6 d3 51. Kg1 1-0

[Event "Titled Tuesday intern op 23rd Apr Late"]
[Site "Chess.com INT"]
[Date "2024.04.23"]
[Round "6"]
[White "Ho, In Hei Henry"]
[Black "Jodar Arias, Marlon"]
[Result "0-1"]
[WhiteElo "1762"]
[BlackElo "2209"]
[PlyCount "74"]
[EventDate "2024.04.23"]
[EventType "swiss (blitz)"]
[EventRounds "11"]
[EventCountry "USA"]
[SourceTitle "CB18_2024"]
[SourceDate "2024.05.01"]
[SourceVersion "1"]
[SourceVersionDate "2024.05.01"]
[SourceQuality "2"]

1. d4 Nf6 2. c4 g6 3. Nf3 Bg7 4. Nc3 d5 5. cxd5 Nxd5 6. e4 Nxc3 7. bxc3 c5 8. Be3 0-0 9. h3 Nc6 10. Be2 cxd4 11. cxd4 Qa5+ 12. Bd2 Qa3 13. d5 Bxa1 14. Qxa1 Nb4 15. 0-0 f6 16. Qd4 a5 17. Bh6 Rd8 18. Bc4 b5 19. Bc1 Nc2 20. Bxa3 Nxd4 21. Nxd4 bxc4 22. Bxe7 Re8 23. d6 Bd7 24. Rc1 Rac8 25. f4 Kf7 26. e5 c3 27. Kf2 f5 28. Ke3 Rc4 29. Kd3 Rec8 30. Rc2 Be6 31. Rc1 Ra4 32. Rc2 Rcc4 33. Bh4 Rxd4+ 34. Kxc3 Rdc4+ 35. Kd3 Rxc2 36. Kxc2 Rxa2+ 37. Kb1 Rxg2 0-1

[Event "Titled Tuesday intern op 23rd Apr Late"]
[Site "Chess.com INT"]
[Date "2024.04.23"]
[Round "8"]
[White "Skrondal, Inge Sandstad"]
[Black "Jodar Arias, Marlon"]
[Result "0-1"]
[WhiteElo "2290"]
[BlackElo "2209"]
[PlyCount "90"]
[EventDate "2024.04.23"]
[EventType "swiss (blitz)"]
[EventRounds "11"]
[EventCountry "USA"]
[SourceTitle "CB18_2024"]
[SourceDate "2024.05.01"]
[SourceVersion "1"]
[SourceVersionDate "2024.05.01"]
[SourceQuality "2"]

1. d4 d5 2. c4 c6 3. e3 Nf6 4. Nc3 e6 5. Nf3 Nbd7 6. Qc2 Bd6 7. a3 0-0 8. b4 b6 9. Bb2 Bb7 10. Rd1 Rc8 11. c5 Bb8 12. Be2 e5 13. 0-0 e4 14. Nd2 Re8 15. Rde1 Nf8 16. Nd1 Ng6 17. f4 Qd7 18. h3 h5 19. Kh2 Qf5 20. g3 Rc7 21. Rf2 Bc8 22. Bf1 h4 23. g4 Nxg4+ 24. hxg4 Qxg4 25. Rg2 Qh3+ 26. Kg1 Rce7 27. Nf2 Qd7 28. Nb3 Bxf4 29. exf4 Nxf4 30. Rg4 e3 31. Rxe3 Rxe3 32. Rxf4 Rg3+ 33. Kh1 Ree3 34. Rxh4 Rxb3 35. Bc1 Qf5 36. Qxf5 Bxf5 37. Bf4 Rgf3 38. Kg2 f6 39. Bd6 g5 40. Rh2 Rfc3 41. Be2 Rb2 42. Kf1 Rc1+ 43. Bd1 Bc2 44. Ke1 Bxd1 45. Nxd1 Rxh2 0-1

[Event "Titled Tuesday intern op 16th Apr Early"]
[Site "Chess.com INT"]
[Date "2024.04.16"]
[Round "5"]
[White "Jodar Arias, Marlon"]
[Black "Castellanos Gomez, Alejandro"]
[Result "0-1"]
[WhiteElo "2209"]
[BlackElo "2294"]
[PlyCount "46"]
[EventDate "2024.04.16"]
[EventType "swiss (blitz)"]
[EventRounds "11"]
[EventCountry "USA"]
[SourceTitle "CB17_2024"]
[SourceDate "2024.04.24"]
[SourceVersion "1"]
[SourceVersionDate "2024.04.24"]
[SourceQuality "1"]

1. e4 e6 2. d4 d5 3. Nc3 Nf6 4. e5 Nfd7 5. f4 c5 6. Nf3 Nc6 7. Be3 a6 8. Qd2 b5 9. dxc5 Bxc5 10. Bd3 Qb6 11. Bf2 0-0 12. 0-0 Bxf2+ 13. Rxf2 f6 14. exf6 Nxf6 15. Kh1 Bb7 16. Ng5 Rae8 17. Re1 Nd4 18. Ne2 Nb3 19. axb3 Qxf2 20. Qd1 d4 21. Rg1 h6 22. Nh3 Qh4 23. Nxd4 Qxh3 0-1

[Event "Titled Tuesday intern op 16th Apr Early"]
[Site "Chess.com INT"]
[Date "2024.04.16"]
[Round "6"]
[White "Rietze, Clemens"]
[Black "Jodar Arias, Marlon"]
[Result "1-0"]
[WhiteElo "2367"]
[BlackElo "2209"]
[PlyCount "71"]
[EventDate "2024.04.16"]
[EventType "swiss (blitz)"]
[EventRounds "11"]
[EventCountry "USA"]
[SourceTitle "CB17_2024"]
[SourceDate "2024.04.24"]
[SourceVersion "1"]
[SourceVersionDate "2024.04.24"]
[SourceQuality "1"]

1. d4 Nf6 2. c4 g6 3. h4 Bg7 4. Nc3 d5 5. h5 gxh5 6. cxd5 c6 7. dxc6 Nxc6 8. Nf3 Bf5 9. d5 Nb8 10. e4 Bg6 11. e5 Ng4 12. Qa4+ Nd7 13. e6 0-0 14. exd7 Qb6 15. Nd1 Qc5 16. Qc4 Qd6 17. Bf4 Qxd7 18. Be2 Rac8 19. Qb3 Bc2 20. Qb5 Qf5 21. Be3 a6 22. Qxb7 Bd3 23. Bxd3 Qxd3 24. Qb3 Qe4 25. 0-0 Rfd8 26. Nc3 Qf5 27. Bd4 Bxd4 28. Nxd4 Qf4 29. Nf3 Rd6 30. Ne2 Qe4 31. Ng3 Qxd5 32. Qxd5 Rxd5 33. Rfd1 Rxd1+ 34. Rxd1 Rc2 35. Nxh5 Rxb2 36. Rd8# 1-0

[Event "Canadian zt"]
[Site "Toronto"]
[Date "2024.03.30"]
[Round "6"]
[White "Jodar Arias, Marlon"]
[Black "Huang, Youhe"]
[Result "1-0"]
[WhiteElo "2209"]
[BlackElo "1992"]
[PlyCount "85"]
[EventDate "2024.03.27"]
[EventType "team-swiss"]
[EventRounds "10"]
[EventCountry "CAN"]
[SourceTitle "CB15_2024"]
[SourceDate "2024.04.10"]
[SourceVersion "1"]
[SourceVersionDate "2024.04.10"]
[SourceQuality "1"]

1. e4 e5 2. Nf3 Nc6 3. Bb5 a6 4. Ba4 Nf6 5. 0-0 b5 6. Bb3 Bc5 7. c3 d6 8. a4 Rb8 9. d4 Bb6 10. a5 Ba7 11. h3 h6 12. Re1 0-0 13. Be3 exd4 14. cxd4 d5 15. e5 Ne4 16. Nc3 Ne7 17. Nd2 Nxd2 18. Qxd2 Nf5 19. Rad1 c6 20. Na2 Re8 21. Bc2 Nxe3 22. Rxe3 c5 23. Rg3 Qh4 24. Qd3 g6 25. Rxg6+ Kf8 26. Rf6 cxd4 27. Rxf7+ Kxf7 28. Qh7+ Ke6 29. Bf5+ Kxe5 30. Re1+ Kd6 31. Qg6+ Be6 32. Rxe6+ Rxe6 33. Qxe6+ Kc5 34. b4+ Kc4 35. Qc6+ Kb3 36. Qxd5+ Kb2 37. Be6 Kc2 38. Qb3+ Kd2 39. Bf5 Rf8 40. Qd3+ Ke1 41. Qb1+ Kd2 42. Qc2+ Ke1 43. Nc1 1-0

[Event "Canadian zt"]
[Site "Toronto"]
[Date "2024.03.29"]
[Round "4"]
[White "Cummings, David H"]
[Black "Jodar Arias, Marlon"]
[Result "1-0"]
[WhiteElo "2333"]
[BlackElo "2209"]
[PlyCount "120"]
[EventDate "2024.03.27"]
[EventType "team-swiss"]
[EventRounds "10"]
[EventCountry "CAN"]
[SourceTitle "CB15_2024"]
[SourceDate "2024.04.10"]
[SourceVersion "1"]
[SourceVersionDate "2024.04.10"]
[SourceQuality "1"]

1. c4 e5 2. Nc3 Nf6 3. Nf3 Nc6 4. g3 Bb4 5. Nd5 Bc5 6. Bg2 d6 7. 0-0 0-0 8. d3 Nxd5 9. cxd5 Ne7 10. d4 exd4 11. Nxd4 Nf5 12. Nb3 Bb6 13. e4 Ne7 14. a4 a6 15. Nd4 Ng6 16. b3 h5 17. Be3 Bg4 18. f3 Bd7 19. f4 Bg4 20. Qd2 Bd7 21. a5 Ba7 22. Nf3 Bxe3+ 23. Qxe3 Re8 24. Qd4 c6 25. dxc6 Bxc6 26. Rfe1 Qc7 27. b4 Re7 28. Ng5 Rae8 29. Rac1 f6 30. Nh3 Qd7 31. Nf2 d5 32. Red1 Kh8 33. Bf3 dxe4 34. Qxd7 Bxd7 35. Bxe4 Kh7 36. Rc5 Kh6 37. Rdd5 f5 38. Bxf5 Bxf5 39. Rxf5 Kh7 40. Rxh5+ Kg8 41. Rhg5 Nf8 42. Rge5 Rxe5 43. fxe5 Nd7 44. Rc7 Nxe5 45. Rxb7 Nc4 46. Nd3 Re2 47. Nc5 Ne5 48. Rb8+ Kf7 49. Rd8 Rb2 50. Nxa6 Ke7 51. Rd5 Nf3+ 52. Kf1 Nxh2+ 53. Ke1 Ng4 54. b5 Nf6 55. Rg5 Kd6 56. b6 Kc6 57. Rxg7 Ne8 58. Rg6+ Nd6 59. Nc7 Ra2 60. Ne8 Kd5 1-0

[Event "Titled Tuesday intern op 27th Feb Late"]
[Site "Chess.com INT"]
[Date "2024.02.27"]
[Round "10"]
[White "Jodar Arias, Marlon"]
[Black "Torres, Yelfry"]
[Result "1-0"]
[WhiteElo "2209"]
[BlackElo "2061"]
[PlyCount "153"]
[EventDate "2024.02.27"]
[EventType "swiss (blitz)"]
[EventRounds "11"]
[EventCountry "USA"]
[SourceTitle "CB10_2024"]
[SourceDate "2024.03.06"]
[SourceVersion "1"]
[SourceVersionDate "2024.03.06"]
[SourceQuality "1"]

1. e4 d6 2. d4 Nf6 3. Nc3 e5 4. Nf3 Nbd7 5. Bc4 Be7 6. 0-0 0-0 7. Re1 c6 8. a4 h6 9. h3 b6 10. d5 Bb7 11. dxc6 Bxc6 12. Nd5 Rc8 13. c3 Re8 14. Ba6 Bxd5 15. exd5 Rc7 16. Be3 Qa8 17. c4 Rb8 18. b4 Nh7 19. Bb5 Rf8 20. a5 bxa5 21. Rxa5 Qb8 22. Qa4 Nb6 23. Qa2 f5 24. Ra1 f4 25. Bd2 Nc8 26. Qc2 Kh8 27. c5 dxc5 28. Nxe5 cxb4 29. Qe4 Bf6 30. Ng6+ Kg8 31. Qe6+ Rff7 32. d6 Rb7 33. Bc4 Nxd6 34. Bxf4 Ng5 35. Qxd6 Qxd6 36. Bxd6 Kh7 37. Bxf7 Nxf7 38. Nf8+ Kg8 39. Rxa7 Rxa7 40. Rxa7 Nxd6 41. Nd7 Bc3 42. Ra6 Nc4 43. Rc6 Nd2 44. Nb6 b3 45. Na4 Bb4 46. Rc8+ Kh7 47. Rb8 Bd6 48. Rb6 Be5 49. g3 b2 50. Nxb2 Bd4 51. Rb7 Ne4 52. Nd3 Nxg3 53. Kg2 Ne4 54. Nf4 Nf6 55. Kf3 Be5 56. Nd3 Bh2 57. Nc5 Kg6 58. Ne4 Be5 59. Nxf6 Bxf6 60. Kg4 Kh7 61. h4 Kg6 62. h5+ Kh7 63. Kf5 Kg8 64. Rd7 Kf8 65. Rb7 Kg8 66. Kg6 Kf8 67. Rc7 Be5 68. Rd7 Kg8 69. Re7 Bd6 70. Rxg7+ Kf8 71. Rh7 Bf4 72. Rxh6 Kg8 73. Rh7 Bd2 74. Rf7 Be1 75. h6 Kh8 76. h7 Bb4 77. Rg7 1-0

[Event "Capablanca Memorial op-B 48th"]
[Site "Havana"]
[Date "2013.04.29"]
[Round "8"]
[White "Batista Suarez, Jeorling Yahytin"]
[Black "Jodar Arias, Marlon"]
[Result "0-1"]
[WhiteElo "2251"]
[BlackElo "2170"]
[PlyCount "126"]
[EventDate "2013.04.21"]
[EventType "swiss"]
[EventRounds "9"]
[EventCountry "CUB"]
[SourceTitle "CBM 154 Extra"]
[Source "ChessBase"]
[SourceDate "2013.06.25"]
[SourceVersion "2"]
[SourceVersionDate "2013.06.25"]
[SourceQuality "1"]

1. e4 e6 2. d4 d5 3. e5 c5 4. c3 Qb6 5. Nf3 Bd7 6. Be2 cxd4 7. cxd4 Bb5 8. 0-0 Bxe2 9. Qxe2 Nc6 10. Nc3 Nge7 11. Be3 Nf5 12. g4 Nfe7 13. b4 h5 14. g5 Nf5 15. a3 Be7 16. Qd3 g6 17. Rac1 0-0 18. Na4 Qd8 19. Bf4 Rc8 20. Rfd1 b6 21. Rc3 Qd7 22. Rdc1 Nb8 23. Nb2 a5 24. bxa5 bxa5 25. Bd2 Rxc3 26. Qxc3 Qb5 27. a4 Qb6 28. Nd3 Nd7 29. Nc5 Nxc5 30. dxc5 Qc6 31. Qxa5 d4 32. Ne1 Qe4 33. c6 Qg4+ 34. Kh1 Qe4+ 35. Kg1 Qg4+ 36. Kf1 Qh3+ 37. Ke2 d3+ 38. Kd1 Qf1 39. Rc3 Qe2+ 40. Kc1 Bxg5 41. Rxd3 Qxe1+ 42. Kc2 Bxd2 43. Qxd2 Qxd2+ 44. Kxd2 Rc8 45. Rc3 Ne7 46. a5 Rxc6 47. Rxc6 Nxc6 48. a6 Kf8 49. Ke3 Ke7 50. Kf4 f6 51. exf6+ Kxf6 52. Ke4 g5 53. h3 Ke7 54. Ke3 Kd6 55. f4 gxf4+ 56. Kxf4 e5+ 57. Ke4 Na7 58. Ke3 Kd5 59. Kd3 e4+ 60. Ke3 Ke5 61. Ke2 Kd4 62. Kd2 e3+ 63. Ke1 Kd3 0-1

[Event "Capablanca Memorial op-B 48th"]
[Site "Havana"]
[Date "2013.04.27"]
[Round "6"]
[White "Espin Diaz, Edwin Alexander"]
[Black "Jodar Arias, Marlon"]
[Result "1/2-1/2"]
[WhiteElo "1870"]
[BlackElo "2170"]
[PlyCount "152"]
[EventDate "2013.04.21"]
[EventType "swiss"]
[EventRounds "9"]
[EventCountry "CUB"]
[SourceTitle "CBM 154 Extra"]
[Source "ChessBase"]
[SourceDate "2013.06.25"]
[SourceVersion "2"]
[SourceVersionDate "2013.06.25"]
[SourceQuality "1"]

1. e4 c5 2. Nf3 e6 3. d4 cxd4 4. Nxd4 Nc6 5. Nxc6 bxc6 6. Bd3 Nf6 7. 0-0 d5 8. Nd2 Be7 9. c4 0-0 10. Re1 a5 11. b3 a4 12. Rb1 axb3 13. axb3 Ra2 14. Bb2 Bb7 15. e5 Nd7 16. Re3 g6 17. Rh3 Nc5 18. cxd5 Nxd3 19. Rxd3 cxd5 20. Ne4 Ba6 21. Rd2 dxe4 22. Rxd8 Rxd8 23. Qc1 Rc8 24. Qf4 Rc2 25. Bd4 Bd3 26. Rc1 Rxc1+ 27. Qxc1 Rc2 28. Qa1 Bg5 29. Be3 Bxe3 30. fxe3 Rc5 31. b4 Rd5 32. Kf2 Kg7 33. h4 h5 34. Kg3 Bc2 35. Qb2 Rd2 36. b5 Re2 37. Qd4 Bd3 38. b6 Re1 39. Qb2 Ba6 40. b7 Bxb7 41. Qxb7 Rxe3+ 42. Kf2 Ra3 43. Qxe4 Rb3 44. Qf4 Rb2+ 45. Kg3 Rb3+ 46. Kh2 Rb2 47. Qf3 Ra2 48. Qc3 Ra4 49. g3 Ra2+ 50. Kh3 Ra4 51. Kg2 Ra2+ 52. Kf3 Ra4 53. Qb3 Rd4 54. Qc3 Ra4 55. Kg2 Ra2+ 56. Kh3 Ra4 57. Qf3 Rc4 58. Qf6+ Kg8 59. Kg2 Ra4 60. Kf3 Rc4 61. Qe7 Kg7 62. Qf6+ Kg8 63. Ke3 Rg4 64. Qf3 Ra4 65. Kd2 Kg7 66. Ke2 Kg8 67. Qb3 Rd4 68. Qe3 Rg4 69. Qf3 Kg7 70. Kd3 Ra4 71. Qf6+ Kg8 72. Kd2 Rd4+ 73. Ke3 Ra4 74. Qg5 Kg7 75. Kf3 Rc4 76. Qd2 Ra4 1/2-1/2

[Event "Capablanca Memorial op-B 48th"]
[Site "Havana"]
[Date "2013.04.22"]
[Round "2"]
[White "Zequeira Zorrilla, David"]
[Black "Jodar Arias, Marlon"]
[Result "0-1"]
[WhiteElo "1925"]
[BlackElo "2170"]
[PlyCount "50"]
[EventDate "2013.04.21"]
[EventType "swiss"]
[EventRounds "9"]
[EventCountry "CUB"]
[SourceTitle "CBM 154 Extra"]
[Source "ChessBase"]
[SourceDate "2013.06.25"]
[SourceVersion "2"]
[SourceVersionDate "2013.06.25"]
[SourceQuality "1"]

1. d4 Nf6 2. c4 g6 3. Nc3 d5 4. Nf3 Bg7 5. Qb3 dxc4 6. Qxc4 0-0 7. e4 Nc6 8. e5 Be6 9. Qa4 Nd5 10. Nxd5 Bxd5 11. Be3 Qd7 12. Rc1 Rad8 13. Qd1 Bxf3 14. gxf3 Nxd4 15. Qxd4 Qxd4 16. Bxd4 Rxd4 17. Rxc7 Bxe5 18. Rxe7 Bd6 19. Re4 Bb4+ 20. Ke2 Rd2+ 21. Ke3 Rxb2 22. Bc4 Bd2+ 23. Ke2 b5 24. Bb3 a5 25. Rd1 Rd8 0-1